| 000 | 01116nam a2200217Ia 4500 | ||
|---|---|---|---|
| 003 | Ost | ||
| 005 | 20260507075122.0 | ||
| 008 | 260507s9999||||xx |||||||||||||| ||und|| | ||
| 040 | _cfsecg | ||
| 041 | _aara | ||
| 082 | _a330 | ||
| 100 |
_aجبر اسماعيل، عمر مصطفى _eمؤلف |
||
| 245 | 0 |
_aسندات المقارضة وأحكامها في الفقه الإسلامي : _bدراسة مقارنة تطبيقية / _c عمر مصطفى جبر اسماعيل |
|
| 260 |
_aعمان: _bدار النفائس, _c2006 |
||
| 300 |
_a252 صفحة؛ _c24 سم |
||
| 520 | _aتعريف أسواق الأوراق المالية وأحكامها وتعريف المضاربة وأحكامها-تطبيقات المضاربة الحديثة:سندات المقارضة-تطبيقات المضاربة الحديثة-سندات المقارضة الأردنية نموذجا-حجم تطبيق سندات المقارضة ودورها الإقتصادي والتنموي | ||
| 653 | _aأحكام المقارضة | ||
| 653 | _aالمقارضة | ||
| 653 | _aسندات المقارضة | ||
| 942 | _cكتاب | ||
| 999 |
_c43089 _d43089 |
||